书目信息 |
| 题名: |
中国体育史
|
|
| 作者: | 谷世权 | |
| 分册: | ||
| 出版信息: | 北京 北京体育大学出版社 1997 |
|
| 页数: | 394 | |
| 开本: | 20cm | |
| 丛书名: | ||
| 单 册: | ||
| 中图分类: | G812.9 | |
| 科图分类: | ||
| 主题词: | 体育事业--世界 | |
| 电子资源: | ||
| ISBN: | 7-81051-106-8 | |
| 000 | 00498nam0 2200181 450 | |
| 001 | 0736480453 | |
| 005 | 20070817100800.46 | |
| 010 | @a7-81051-106-8@d¥20.00 | |
| 100 | @a20070817d km y0chiy0120 ea | |
| 101 | 0 | @achi |
| 200 | 1 | @a中国体育史@Azhong guo ti yu shi@f谷世权@Fgu shi quan |
| 210 | @a北京@c北京体育大学出版社@d1997 | |
| 215 | @a394@d20cm | |
| 606 | 0 | @a体育事业@x世界 |
| 690 | @aG812.9@v3 | |
| 701 | 0 | @a谷世权@Agu shi quan |
| 801 | 0 | @aCN@bPFT@c20070817 |
| 905 | @a213230@dG812.9@et7@f1 | |
| 中国体育史/谷世权.-北京:北京体育大学出版社,1997 |
| 394;20cm |
| ISBN 7-81051-106-8:¥20.00 |
| ● |
| 相关链接 |
|
|
|
|
正题名:中国体育史
索取号:G812.9/t7
 
预约/预借
| 序号 | 登录号 | 条形码 | 馆藏地/架位号 | 状态 | 备注 |
| 1 | 0382776 | 203827760 | 第一样本阅览室/ [索取号:G812.9/t7] | 在馆 | |
| 2 | 0382777 | 203827779 | 第四借阅区/ [索取号:G812.9/t7] | 在馆 | |
| 3 | 0382778 | 203827788 | 第四借阅区/ [索取号:G812.9/t7] | 在馆 | |
| 4 | 0382779 | 203827797 | 第四借阅区/ [索取号:G812.9/t7] | 在馆 | |
| 5 | 0382780 | 203827804 | 第四借阅区/ [索取号:G812.9/t7] | 在馆 | |
| 6 | 6901844 | 269018449 | 密集书库-体育系/ [索取号:G812.9/t7] | 在馆 | |
| 7 | 6901850 | 269018500 | 密集书库-体育系/ [索取号:G812.9/t7] | 在馆 | |
| 8 | 6901851 | 269018519 | 密集书库-体育系/ [索取号:G812.9/t7] | 在馆 |